Advances in Time Series Data Methods in Applied Economic Research Proceedings of International Conference on Applied Economics (ICOAE) 2018, Jul 5, 2018 - Jul 7, 2018 (SGH Warsaw School of Economics)

Uložené v:
Podrobná bibliografia
Korporácia: Advances in Time Series Data Methods in Applied Economic Research. International Conference on Applied Economics (ICOAE) 2018, Warsaw School of Economics (SGH), Western Macedonia University of Applied Sciences
Ďalší autori: Tsounis, Nicholas, Vlachvei, Aspasia
Médium: Kniha
Jazyk:English
Vydavateľské údaje: Cham Springer Nature Switzerland AG 2018
Vydanie:1st Edition
Edícia:Springer Proceedings in Business and Economics
Predmet:
Tagy: Pridať tag
Žiadne tagy, Buďte prvý, kto otaguje tento záznam!

MARC

LEADER 00000nlm a2200000 4500
001 0250694
005 20240514063922.7
020 |a 978-3-030-02193-1 
020 |a 978-3-030-02194-8 
022 |a 2198-7246 
022 |a 2198-7254 
041 0 |a eng 
044 |a CH 
245 1 0 |a Advances in Time Series Data Methods in Applied Economic Research  |b Proceedings of International Conference on Applied Economics (ICOAE) 2018, Jul 5, 2018 - Jul 7, 2018 (SGH Warsaw School of Economics)  |c Editors: Nicholas Tsounis, Aspasia Vlachvei 
250 |a 1st Edition 
264 1 |a Cham  |b Springer Nature Switzerland AG  |c 2018 
300 |a online 560 s. 
490 1 |a Springer Proceedings in Business and Economics 
830 0 |a Springer Proceedings in Business and Economics 
610 2 0 |a výskum ekonomický 
610 2 0 |a metódy 
610 2 0 |a myslenie ekonomické 
610 2 0 |a makroekonomika 
610 2 0 |a mikroekonomika 
610 2 0 |a obchod medzinárodný 
610 2 0 |a politika finančná 
610 2 0 |a priemysel 
610 2 0 |a poľnohospodárstvo 
610 2 0 |a práca 
610 2 0 |a demografia 
610 2 0 |a zdravie 
610 2 0 |a vzdelávanie 
700 1 |a Tsounis, Nicholas 
700 1 |a Vlachvei, Aspasia 
110 2 |a Advances in Time Series Data Methods in Applied Economic Research. International Conference on Applied Economics (ICOAE) 2018 
710 2 |a Warsaw School of Economics (SGH) 
710 2 |a Western Macedonia University of Applied Sciences